00368nam a2200145Ia 4500008004100000020001500041041001200056082001600068100001700084245003800101260004400139300000800183650001400191700001700205221030s9999 xx 000 0 und d a0195105397 aEnglish a105.23bBeh aA. Behforooz 0aSoftware Engineering Fundamentals bOxford University PressaNew Yorkc2003 a661 aComputers aF. G. Hudson